Passage de Milan (Registo nº 200891)

Detalhes MARC
000 -Etiqueta do registo
Valores 00588nam 22001933 4500
100 ## - Dados gerais de processamento
Dados gerais 20260302d u||y0pory50 ba
200 ## - Titulo e menção de responsabilidade
Título próprio Passage de Milan
Primeira menção de responsabilidade Michel Butor
210 ## - Publicação
Local de publicação Paris
Nome do editor Lés éditions de minuit
Data de publicação cop.1954
215 ## - Descrição física 
Paginação / Volumes 286 p.
Outras indicações físicas brochado
Dimensões 19 cm
317 ## - Nota de proveniência
Texto da nota . - Oferta com dedicatória da escritora ao Prof. Dr. Almeida Faria
606 ## - Nome comum usado como assunto
ID Autoridade 7
Palavra de ordem Literatura Francesa
610 ## - Termos não controlados
Palavra de ordem Em língua francesa
675 ## - CDU
Notação 821.133.1-3
Edição FR
Língua fra
700 ## - Autor principal (pessoa individual)
ID Autoridade 16584
Apelido Butor
Nome Michel
Datas 1926-2016
801 ## - Fonte de origem
País PT
Agência BMMN
Regras de catalogação RPC
830 ## - Notas gerais do catalogador
Criado por Ana
Indexado por Ana
990 ## - Elementos KOHA
Tipo de documento Livro
Exemplares
Situação do levantamento Biblioteca de origem Código de barras Cota Permissão de empréstimo Tipo de documento Nota relativa ao exemplar Forma de aquisição
  Biblioteca Municipal de Montemor-o-Novo 30150 821.133.1-3 BUT|SAF   Livro Acesso condicionado Oferta

Powered by Koha